Essentials of Biochemistry for BSc Nursing Students (Record no. 158609)

MARC details
000 -LEADER
fixed length control field 00422nam a2200145Ia 4500
008 - FIXED-LENGTH DATA ELEMENTS--GENERAL INFORMATION
fixed length control field 230411s9999 xx 000 0 und d
020 ## - INTERNATIONAL STANDARD BOOK NUMBER
International Standard Book Number 978-81-948693-3-7
041 ## - LANGUAGE CODE
Language code of text/sound track or separate title eng
082 ## - DEWEY DECIMAL CLASSIFICATION NUMBER
Classification number B/612.015/LAL/B09613
100 ## - MAIN ENTRY--PERSONAL NAME
Personal name Lal Harbans
9 (RLIN) 177277
245 ## - TITLE STATEMENT
Title Essentials of Biochemistry for BSc Nursing Students
260 ## - PUBLICATION, DISTRIBUTION, ETC. (IMPRINT)
Name of publisher, distributor, etc. CBS Publishers & Distributors
Place of publication, distribution, etc. New Delhi
Date of publication, distribution, etc. 2022
300 ## - PHYSICAL DESCRIPTION
Extent 323p
Holdings
Withdrawn status Lost status Damaged status Not for loan Collection code Home library Current library Date acquired Vendor Cost, normal purchase price Bill number Full call number Barcode Date last seen Cost, replacement price Bill Date Koha item type Original Barcode Total Checkouts Total Renewals Date last checked out
      Reference   Smt. Bakul Tambat Institute of Nursing Education Smt. Bakul Tambat Institute of Nursing Education 23/12/2021 Patil Medical Book House 450.00 5136 B 612.015 LAL B09613 BTIN-BK-9613 11/04/2023 292.50 21/12/2021 Books B09613      
          Smt. Bakul Tambat Institute of Nursing Education Smt. Bakul Tambat Institute of Nursing Education 23/12/2021 Patil Medical Book House 450.00 5136 B 612.015 LAL B09614 BTIN-BK-9614 21/07/2025 292.50 21/12/2021 Books B09614 12 9 26/06/2025